00761nam a2200217Ia 450000500170000000800410001702000140005804000720007204100080014410000190015224501060017126000400027730000490031749000300036650000380039650000220043465000260045665000250048265000150050765000210052220240828134447.0130821s1988 ck a gr spa  a155994816 aCo-BoUCMbspacDavid Moreno (modificó)dDavid Moreno (modificó)00aspa1 aEmery, E David10aPrincipios de Economía microeconomíacE. David Emery ; traducción de Harcourt Brace Jovanovich aBogotá (Colombia)bCarvajalc1988 axi, 334 Páginasbilustraciones, gráficas 0aCompendios Universitarios aDonación Dr. Álvaro Daza Roa. aIncluye índice.04aEconomía política04aTeoría económica04aEconomía04aMicroeconomía